logo

Bir Sreshtho Munshi Abdur Rouf Library
Jhenaidah Cadet College

The Fourth Dimension / (Record no. 1904)

MARC details
000 -LEADER
fixed length control field 00635nam a22002417a 4500
001 - CONTROL NUMBER
JCCL Control Number 1904
003 - CONTROL NUMBER IDENTIFIER
JCCL marc code BD-JhCC
005 - DATE AND TIME OF LATEST TRANSACTION
control field 20200212134008.0
008 - FIXED-LENGTH DATA ELEMENTS--GENERAL INFORMATION
fixed length control field 171026s1996 cn ||||| |||| 00| 0 eng d
020 ## - INTERNATIONAL STANDARD BOOK NUMBER
International Standard Book Number 0471132802
035 ## - SYSTEM CONTROL NUMBER
system control number (BD-JhCC) 1904
040 ## - CATALOGING SOURCE
Original cataloging agency BD-JhCC
Modifying agency BD-JhCC
041 ## - LANGUAGE CODE
Language code of Book eng
082 ## - DEWEY DECIMAL CLASSIFICATION NUMBER
Classification number 650.1
Author mark and Year HIC 1996
100 ## - MAIN ENTRY--PERSONAL NAME
Personal name Hickman, Craing
245 ## - TITLE STATEMENT
Title The Fourth Dimension /
Remainder of title Craig Hickman
Statement of responsibility, etc Craig Bott
260 ## - PUBLICATION, DISTRIBUTION, ETC. (IMPRINT)
Place of publication, distribution, etc Canada :
Name of publisher, distributor, etc John wiley & Sons, Inc.
Date of publication, distribution, etc 1996.
300 ## - PHYSICAL DESCRIPTION
Pagination 222 p. :
Dimensions 22 cm.
650 ## - SUBJECT ADDED ENTRY--TOPICAL TERM
Topical term or geographic name as entry element Success in business
700 ## - ADDED ENTRY--PERSONAL NAME
Personal name Hickman, Craig
Fuller form of name Bott, Craig
942 ## - ADDED ENTRY ELEMENTS (KOHA)
Source of classification or shelving scheme Dewey Decimal Classification
Koha item type Books
Koha issues (borrowed), all copies 2
Holdings
Source of classification or shelving scheme Damaged status Not for loan Home library Current library Shelving location Date of accession Cost, normal purchase price Total Checkouts Full call number Barcode Date last seen Date checked out Copy number Koha item type
Dewey Decimal Classification     JCC Rouf Library JCC Rouf Library General Stacks 10/26/2017 100.00 1 650.1 HIC 1996 3386 04/04/2021 02/11/2020 C-1 Books

JCC Library | Contacts | JCC Home

Last Update on 23 September 2017
Copyright @ 2017-2020 JCC Rouf Library
Rouf Library, Jhenidah Cadet College (JCC), Bangladesh